[Event "Cappelle Online Blitz op"]
[Site "Europe Echecs INT"]
[Date "2022.01.09"]
[Round "5"]
[White "Daverio, Edoardo"]
[Black "Boulanger, Corentin"]
[Result "1-0"]
[WhiteElo "1984"]
[BlackElo "1619"]
[PlyCount "83"]
[EventDate "2022.01.09"]
[EventType "swiss (blitz)"]
[EventRounds "11"]
[EventCountry "FRA"]
[SourceTitle "EXT 2023"]
[Source "ChessBase"]
[SourceDate "2022.10.05"]
[SourceVersion "1"]
[SourceVersionDate "2022.10.05"]
[SourceQuality "1"]

1. d4 d5 2. c4 e6 3. Nc3 c6 4. Nf3 dxc4 5. e4 b5 6. a4 Bb4 7. Bg5 Qb6 8. Be2 Bb7 9. 0-0 a5 10. e5 h6 11. Be3 Bxc3 12. bxc3 Ne7 13. d5 c5 14. d6 Ng6 15. axb5 Nd7 16. Bxc4 Ngxe5 17. Nxe5 Nxe5 18. Be2 0-0 19. Bf4 Nd7 20. Qd2 Rfd8 21. c4 e5 22. Be3 Nf6 23. Rfd1 Rd7 24. f4 e4 25. Qb2 Rad8 26. Qa3 Rxd6 27. Bxc5 Rxd1+ 28. Rxd1 Qc7 29. Rxd8+ Qxd8 30. Qe3 a4 31. Bb4 Qd7 32. Qd2 Qxd2 33. Bxd2 g6 34. Bb4 Kg7 35. c5 Ba8 36. c6 e3 37. c7 Bb7 38. b6 Nd5 39. Bf3 Nxb4 40. Bxb7 a3 41. c8Q a2 42. Qa8 1-0